00346nam a2200157Ia 4500003000400000005001700004008004100021040000700062041000800069082001500077100001200092245004400104260002000148300000800168650001200176OSt20251029120917.0250729s2005 xx 000 0 und d cAL aeng a530.1 YOUH aYoung M aAcademic's hands on science experiments aNew Delhic2005 a96p aScience